000 00496nam a22001817a 4500
005 20251108164052.0
008 250721s1994 xx 000 0 ara d
082 1 4 _a153.8/سيط
245 1 0 _aالسيطرة على النفس /
250 _aط5
264 1 _aبيروت :
_bدار الآفاق الجديدة،
_c1994.
300 _a144ص
490 0 _aالسيكولوجية المبسطة
650 1 7 _aالإرادة
650 1 7 _aعلم النفس
942 _2ddc
_cBK
999 _c2825
_d2825